| 000 | 01337nam a22003257a 4500 | ||
|---|---|---|---|
| 003 | DO-SdBNP | ||
| 005 | 20260305074000.0 | ||
| 007 | ta | ||
| 008 | 220826b2009 |||o|||| |||| 001 0 spa d | ||
| 020 | _a9789945001686 | ||
| 040 |
_aDO-SdBNP _bspa _cBNPHU |
||
| 041 |
_dEspañól _dInglés _dFrancés _hspa |
||
| 082 | 4 |
_a759.97293 _bG377f _222 |
|
| 245 | 1 | 0 |
_aFernando Peña Defilló y la memoria de los instintos / _cCándido Gerón ; fotografía Luis Novas ;traducción Altagracia Amelia Cabral y Manuel García Catagena |
| 260 |
_aSanto Domingo : _bCorripío, _c2009. |
||
| 300 |
_a273 p. : _bil.; fot.; _c30 cm |
||
| 500 | _aEdicción al cuidado del autor. | ||
| 500 | _aEn español, traducido al inglé y al francés. | ||
| 504 | _aIncluye referencias bibliográficas | ||
| 650 | 4 |
_952295 _aPeña Defilló, Fernando, 1928- _xCrítica e interpretación. |
|
| 650 | 4 |
_a Fotografía artística _xColecciones _952295 |
|
| 650 | 4 |
_aPintores dominicanos _xCrítica e interpretación _982257 |
|
| 650 | 4 |
_951938 _aFotografía _xTécnica |
|
| 650 | 4 |
_aObra pictórica _xFotografias _zRepública Dominicana _982258 |
|
| 700 | 1 | 1 |
_aGerón, Candido, _d1948- _93577 |
| 700 | 1 |
_aNovas,Luis _efot. _982259 |
|
| 700 | 1 |
_aCabral, Amelia _etrad. inglés _982260 |
|
| 700 | 1 |
_aGarcía Catagena, Manuel _etrad. francés _982261 |
|
| 942 |
_2ddc _cLBS1 |
||
| 999 |
_c52329 _d52329 |
||